Which event came first? #1 - Statistics

General Stats
  • This quiz has been taken 129 times
  • The average score is 4 of 10
Answer Stats
Question Answer % Correct
Events of the 2010s. The iPad is introduced.
77%
Events of the 20th century. Archduke Franz Ferdinand of Austria is assassinated.
52%
Events of the 2000s. The Boxing Day tsunami.
52%
Events of the first millennium. Julius Caesar is assassinated.
47%
Events of the 19th century. The Battle of Waterloo.
36%
Events of the 17th century. Jamestown Massacre.
33%
Events of the 18th century. End of the Seven Years' War.
30%
Events of the 16th century. Michelangelo completes the Sistine Chapel ceiling.
30%
Events of the 14th century. William Wallace is executed.
28%
Events of the 15th century. Battle of Agincourt.
21%
No matching quizzes found
Score Distribution
Percent of People with Each Score
Percentile by Number Answered
Your Score History
You have not taken this quiz